000 00632nam a2200229Ia 4500
003 OSt
005 20221007081640.0
006 a|||||r|||| 00| 0
007 ta
008 221006b |||||||| |||| 00| 0 eng d
024 _a29,991
037 _cTextual
040 _aFLL
_cFLL
_beng
041 _2eng
_aeng
082 _aW:5, P7
100 _aPalmer Ellie
_9697790
245 0 _aJudicial review, socio-economic rights and the human rights act
260 _aOregon
_bOxford and Portland Oregon
_c2007
300 _axxxviii,345p
_ccm.
942 _hW:5, P7
_cTEXL
_2CC
999 _c1163827
_d1163827